| 000 | 01536cad a22002415a 4500 | ||
|---|---|---|---|
| 001 | L153742 | ||
| 008 | 110824s2011 xxkad f s 000 0 eng d | ||
| 035 | _a(Sirsi) u153742 | ||
| 041 | 0 | _aeng | |
| 050 | 0 | 4 | _a333.33 $2 18 |
| 110 | 2 |
_aGVA _95945 |
|
| 245 | 0 | 0 |
_aBusiness parks review _bSummer 2011 _h[electronic resource] |
| 260 |
_a[S.l.] _bGVA _c2011 |
||
| 490 | 0 |
_aGVA Business Parks Review _vSummer 2011 |
|
| 505 | 2 | _aNational overview -- South East and Eastern -- South West and Wales -- Midlands -- North West -- Yorksire, the Humber and the North East -- Scotland | |
| 520 | _aOccupier activity in the UK's business parks' sector picked up in H1 2011 but remains relatively subdued amid persistent economic uncertainty. A total of 1.6m sq ft take-up occurred in the period, 8.0% up on the H2 2010 but 23.8% below the current five year average. Nationally annual headline rental growth turned positive for the first time since 2000. New business park office space under construction is at its lowest in the survey's 16 year history. Available floorspace remains at record high level but this has stabilised over the last 12 months. The sector is expected to recover but downside risks have significantly increased over the past six months. | ||
| 590 | _aKA NTK | ||
| 650 | 2 | 4 | _aGVA BUSINESS PARKS REVIEW |
| 651 | 4 |
_aUnited Kingdom _y |
|
| 690 | _aPROPERTY-COMMERCIAL PROPERTY-COMMERCIAL PROPERTY MARKET | ||
| 856 | 4 | 0 |
_uhttps://www.gva.co.uk/research/offices/ _zView the report free of charge at www.gva.co.uk |
| 942 | _n0 | ||
| 999 |
_c112684 _d112684 |
||